ბათუმის შოთა რუსთაველის სახელმწიფო უნივერსიტეტის ბიბლიოთეკა

Основы векторного исчисления. Ч. I. Векторная алгебра. Элемнты.Векторного анализа (ბიბ.ჩანაწერი № 39167)

000 -LEADER
fixed length control field 00747nam a2200205Ia 4500
001 - CONTROL NUMBER
control field 5750
003 - CONTROL NUMBER IDENTIFIER
control field GE_BSU
008 - FIXED-LENGTH DATA ELEMENTS--GENERAL INFORMATION
fixed length control field 181216s||||||||xx |||||||||||||| ||und||
040 ## - CATALOGING SOURCE
Transcribing agency GE_BSU
100 ## - MAIN ENTRY--PERSONAL NAME
Personal name Дубнов Я.С
245 ## - TITLE STATEMENT
Title Основы векторного исчисления. Ч. I. Векторная алгебра. Элемнты.Векторного анализа
245 ## - TITLE STATEMENT
Remainder of title Учебное пособие для студ. ин-тов и втузов
250 ## - EDITION STATEMENT
Edition statement изд.3-ье, перер и доп
260 ## - PUBLICATION, DISTRIBUTION, ETC.
Place of publication, distribution, etc. М-Л
260 ## - PUBLICATION, DISTRIBUTION, ETC.
Name of publisher, distributor, etc. Гостехиздат
260 ## - PUBLICATION, DISTRIBUTION, ETC.
Date of publication, distribution, etc. 1939
300 ## - PHYSICAL DESCRIPTION
Extent 330с 22см.
653 ## - INDEX TERM--UNCONTROLLED
Uncontrolled term Векторная алгебра. Элемнтывекторного анализа
942 ## - ADDED ENTRY ELEMENTS (KOHA)
Koha item type წიგნი
ეგზემპლარები
Withdrawn status Lost status Damaged status Not for loan Date acquired Barcode Date last seen Price effective from Koha item type
        2018-12-17 16757 2018-12-17 2018-12-17 წიგნი